36 đoản văn Hà Nội /
Spremljeno u:
| Daljnji autori: | |
|---|---|
| Format: | Sách giấy |
| Jezik: | Vietnamese |
| Izdano: |
H. :
Thanh niên,
2010.
|
| Serija: | Tủ sách tinh hoa Thăng Long - Hà Nội.
Thăng Long - Hà Nội ngàn năm văn hiến. |
| Teme: | |
| Oznake: |
Dodaj oznaku
Bez oznaka, Budi prvi tko označuje ovaj zapis!
|
| Thư viện lưu trữ: | Thư viện Trường Đại học Đà Lạt |
|---|
| LEADER | 00877nam a2200325 4500 | ||
|---|---|---|---|
| 001 | DLU130149231 | ||
| 005 | ##20130730 | ||
| 040 | # | # | |a DLU |b vie |
| 041 | # | # | |a vie |
| 044 | # | # | |a vn |
| 082 | # | # | |a 895.922 803 |b Doa |
| 245 | # | # | |a 36 đoản văn Hà Nội / |c Quốc Văn tuyển chọn. |
| 260 | # | # | |a H. : |b Thanh niên, |c 2010. |
| 300 | # | # | |a 139 tr. ; |c 21 cm. |
| 490 | # | # | |a Tủ sách tinh hoa Thăng Long - Hà Nội. |
| 490 | # | # | |a Thăng Long - Hà Nội ngàn năm văn hiến. |
| 504 | # | # | |a Tài liệu tham khảo: tr.136. |
| 650 | # | # | |a Truyện ngắn Việt Nam |y Thế kỷ 20. |
| 700 | # | # | |a Quốc Văn, |e tuyển chọn. |
| 923 | # | # | |a 02/2013 |
| 991 | # | # | |a SH |
| 992 | # | # | |a 23000 |
| 994 | # | # | |a DLU |
| 900 | # | # | |a True |
| 911 | # | # | |a Đào Thị Thu Huyền |
| 925 | # | # | |a G |
| 926 | # | # | |a A |
| 927 | # | # | |a SH |
| 980 | # | # | |a Thư viện Trường Đại học Đà Lạt |